Imprints of climate on the properties of the soils in the traditional rubber growing tract in South India (Record no. 49545)

MARC details
000 -LEADER
fixed length control field 00589nam a2200145Ia 4500
100 ## - MAIN ENTRY--AUTHOR NAME
Personal name Joseph Mercykutty
245 #0 - TITLE STATEMENT
Title Imprints of climate on the properties of the soils in the traditional rubber growing tract in South India
260 ## - PUBLICATION, DISTRIBUTION, ETC. (IMPRINT)
Name of publisher International Workshop on Climate Change and Rubber Cultivation: R & D Priorities, 28-30 July 2010, Rubber Research Institute of India, Kottayam, pp. 33-34
Year of publication 2010
650 ## - SUBJECT ADDED ENTRY--TOPICAL TERM
Topical Term Climate change
650 ## - SUBJECT ADDED ENTRY--TOPICAL TERM
Topical Term Rubber growing soils
650 ## - SUBJECT ADDED ENTRY--TOPICAL TERM
Topical Term Soil properties
650 ## - SUBJECT ADDED ENTRY--TOPICAL TERM
Topical Term South India
942 ## - ADDED ENTRY ELEMENTS (KOHA)
Koha item type Bibliography STAF
Holdings
Withdrawn status Lost status Damaged status Not for loan Home library Current library Shelving location Date acquired Koha item type
      Bibliography RRII Library RRII Library Climate change 13/08/2010 Bibliography STAF